000 00428nam a2200169 a 4500
001 0000-8833
003 ELIB.Books
008 110520 1976
035 _a(ELIB.Books)0000-8979
082 _aB
_bVin
100 _aVins, Georgi
245 _aThree Generations of Suffering
260 _bLondon: Hodder and Stoughton Ltd.
_c1976
650 _aBiography
942 _2ddc
_cBK
998 _cbat
_e2011-05-20
999 _c8833
_d8833